simple - Statistiques

Statistiques générales
  • Ce quiz a été pris 165 fois
  • Le résultat moyen est 21 sur 25
Answers on the Grid
Answers color-coded by a green-red scale on the quiz's grid according to % correct below.
simple
comme bonjour
basique
pas compliqué
easy
facile
aisé
faisable
clair
comme de l'eau de roche
simplet
sans amour
sans souci
sans problème
évident
évidemment
un jeu d'enfant
sans effort
facilité
tranquille
élémentaire
sans réfléchir
enfantin
accessible
simplement
compliqué
pas simple
pas le choix de mettre 3 mauvaises réponses
 
Statistiques - réponses
Réponse % Correct
simple
97%
easy
94%
facile
92%
comme bonjour
89%
basique
88%
clair
88%
simplement
87%
pas compliqué
86%
sans souci
86%
un jeu d'enfant
86%
comme de l'eau de roche
83%
faisable
83%
sans problème
83%
sans réfléchir
83%
sans effort
82%
évident
80%
aisé
79%
facilité
78%
simplet
78%
élémentaire
77%
accessible
76%
tranquille
76%
enfantin
75%
évidemment
75%
sans amour
51%
Aucun quiz correspondant
Distribution des résultats
% des personnes avec chaque résultat
Percentile par nombre de réponses
Votre historique - résultats
Vous n’avez pas pris ce quiz